| 000 | 00386 a2200145 4500 | ||
|---|---|---|---|
| 999 |
_c5185 _d5185 |
||
| 020 | _a9780003223804 | ||
| 050 | _aQC 44 CIC 1995 | ||
| 100 |
_aCiccotti Frank _eAuthor |
||
| 245 |
_aPhysics Core : _cFrank Ciccotti and Dave Kelly |
||
| 264 |
_aLondon _bHarper Collins _c1995 |
||
| 300 |
_a256p. _bill.(col.) |
||
| 500 | _aIncludes index | ||
| 650 | _aPhysics | ||
| 942 |
_2lcc _cBK _h44 _iCIC _kQC |
||